Language and linguistics : (Record no. 10274)

MARC details
000 -LEADER
fixed length control field 00619cam a2200217ua 4500
001 - CONTROL NUMBER
control field 11448
005 - DATE AND TIME OF LATEST TRANSACTION
control field 20260515114744.0
008 - FIXED-LENGTH DATA ELEMENTS--GENERAL INFORMATION
fixed length control field 190920n ii |||gr||||Z||||||eng
020 ## - INTERNATIONAL STANDARD BOOK NUMBER
International Standard Book Number 9788183704465
040 ## - CATALOGING SOURCE
Transcribing agency MAIN
041 ## - LANGUAGE CODE
Language code of text/sound track or separate title eng
082 ## - DEWEY DECIMAL CLASSIFICATION NUMBER
Classification number 400
100 ## - MAIN ENTRY--PERSONAL NAME
Personal name Uttam Chakraborty,
Relator term Author.
245 ## - TITLE STATEMENT
Title Language and linguistics :
Remainder of title Phonetics morphology syntax : theories and practices /
Statement of responsibility, etc. By Uttam Chakraborty and Shyamal Das .
250 ## - EDITION STATEMENT
Edition statement 1st ed.
260 ## - PUBLICATION, DISTRIBUTION, ETC.
Place of publication, distribution, etc. New Delhi:
Name of publisher, distributor, etc. Akansha publishing house,
Date of publication, distribution, etc. 2016.
300 ## - PHYSICAL DESCRIPTION
Extent 280p.
653 ## - INDEX TERM--UNCONTROLLED
Uncontrolled term Language
700 ## - ADDED ENTRY--PERSONAL NAME
Personal name Shyamal Das,
Relator term Author.
942 ## - ADDED ENTRY ELEMENTS (KOHA)
Koha item type Books
Holdings
Withdrawn status Lost status Damaged status Not for loan Home library Current library Shelving location Date acquired Total checkouts Full call number Barcode Date last seen Date last checked out Copy number Price effective from Koha item type
        Naharkatiya College Library Naharkatiya College Library General stacks 09/19/2020 1 400Language | CHA 26919 04/20/2023 03/31/2023 1 09/19/2020 Books